<?xml version="1.0" encoding="UTF-8"?><?xml-stylesheet type="text/xsl" href="static/style.xsl"?><OAI-PMH xmlns="http://www.openarchives.org/OAI/2.0/" xmlns:xsi="http://www.w3.org/2001/XMLSchema-instance" xsi:schemaLocation="http://www.openarchives.org/OAI/2.0/ http://www.openarchives.org/OAI/2.0/OAI-PMH.xsd"><responseDate>2026-06-06T01:34:58Z</responseDate><request verb="GetRecord" identifier="oai:riuma.uma.es:10630/25102" metadataPrefix="marc">https://riuma.uma.es/rest/oai/request</request><GetRecord><record><header><identifier>oai:riuma.uma.es:10630/25102</identifier><datestamp>2026-02-03T10:24:55Z</datestamp><setSpec>com_10630_1685</setSpec><setSpec>col_10630_38055</setSpec></header><metadata><record xmlns="http://www.loc.gov/MARC21/slim" xmlns:dcterms="http://purl.org/dc/terms/" xmlns:doc="http://www.lyncode.com/xoai" xmlns:xsi="http://www.w3.org/2001/XMLSchema-instance" xsi:schemaLocation="http://www.loc.gov/MARC21/slim http://www.loc.gov/standards/marcxml/schema/MARC21slim.xsd">
   <leader>00925njm 22002777a 4500</leader>
   <datafield ind2=" " ind1=" " tag="042">
      <subfield code="a">dc</subfield>
   </datafield>
   <datafield ind2=" " ind1=" " tag="720">
      <subfield code="a">García González, Ángel</subfield>
      <subfield code="e">author</subfield>
   </datafield>
   <datafield ind2=" " ind1=" " tag="260">
      <subfield code="c">2022-06</subfield>
   </datafield>
   <datafield ind2=" " ind1=" " tag="520">
      <subfield code="a">En este TFG se ha desarrollado una aplicación web con el objetivo de usar el motor&#xd;
de recomendación conversacional basado en implicaciones desarrollado por el grupo de&#xd;
investigación SICUMA, para alimentarlo con datos sobre el comportamiento de empresas&#xd;
pertenecientes a diferentes índices bursátiles. Para ello, se ha implementado un proceso&#xd;
de interacción con la herramienta donde serán obtenidas recomendaciones que podrán ser&#xd;
analizadas por medio de la misma y ayudarán al estudio del comportamiento previo y&#xd;
futuro de dichas empresas en el mercado.&#xd;
Con un Back-end apoyado en tecnologías Java y un Front-end que hace uso de Angular,&#xd;
esta aplicación web se ha desarrollado siguiendo una metodología ágil de trabajo en la&#xd;
que se ha puesto especial interés en seguir buenas prácticas relacionadas con el análisis y&#xd;
diseño de aplicaciones.&#xd;
Por último, todo este trabajo ha sido acompañado con una adecuada evaluación de los&#xd;
resultados obtenidos tras el uso de la aplicación. De esta forma, queda reflejada toda la&#xd;
potencia y utilidad del software desarrollado, bajo unos ejemplos realizados con datos&#xd;
reales acerca del mercado bursátil.</subfield>
   </datafield>
   <datafield ind1="8" ind2=" " tag="024">
      <subfield code="a">https://hdl.handle.net/10630/25102</subfield>
   </datafield>
   <datafield tag="653" ind2=" " ind1=" ">
      <subfield code="a">Aplicaciones informáticas</subfield>
   </datafield>
   <datafield tag="653" ind2=" " ind1=" ">
      <subfield code="a">Inversiones</subfield>
   </datafield>
   <datafield tag="653" ind2=" " ind1=" ">
      <subfield code="a">Informática - Trabajos Fin de Grado</subfield>
   </datafield>
   <datafield tag="653" ind2=" " ind1=" ">
      <subfield code="a">Grado en Ingeniería Informática - Trabajos Fin de Grado</subfield>
   </datafield>
   <datafield ind2="0" ind1="0" tag="245">
      <subfield code="a">Aplicación web para recomendación de inversiones</subfield>
   </datafield>
</record>
</metadata></record></GetRecord></OAI-PMH>